| 000 | 00625nam a2200217Ia 4500 | ||
|---|---|---|---|
| 005 | 20240220092211.0 | ||
| 008 | 140110s9999 xx 000 0 und d | ||
| 020 |
_a9788183640418 _cRs.6600.00(set) |
||
| 040 | _aLoreto College | ||
| 041 | _aEnglish | ||
| 082 |
_a370 _bJAI |
||
| 245 |
_aEncyclopedia of education (Vol.IV), _b _cEdited by M.K.Jain, J.C.Aggarwal |
||
| 250 | _aEducation for values,environment& human rights | ||
| 260 |
_aDelhi _bAnshah publishing house _c2010 |
||
| 300 | _a340p. | ||
| 504 | _aIncludes index | ||
| 650 | _aEducation | ||
| 700 | _aJain M.K.,ed. | ||
| 850 | _aLCLIB | ||
| 942 | _cBK | ||
| 999 |
_c36575 _d87054 |
||